Anthropogenic Practices Influencing the Sustainability of Household Livelihoods Surrounding Mount Elgon Forest Reserve, Bungoma County, Kenya. (Record no. 217115)

MARC details
000 -LEADER
fixed length control field 00720nam a22001577a 4500
008 - FIXED-LENGTH DATA ELEMENTS--GENERAL INFORMATION
fixed length control field 260512b |||||||| |||| 00| 0 eng d
050 ## - LIBRARY OF CONGRESS CALL NUMBER
Classification number THE GE 195 .K35 2026
Item number C.1
100 ## - MAIN ENTRY--PERSONAL NAME
Personal name Kakai, Robert Simiyu
245 ## - TITLE STATEMENT
Title Anthropogenic Practices Influencing the Sustainability of Household Livelihoods Surrounding Mount Elgon Forest Reserve, Bungoma County, Kenya.
260 ## - PUBLICATION, DISTRIBUTION, ETC.
Place of publication, distribution, etc. Kisii
Name of publisher, distributor, etc. Kisii University
Date of publication, distribution, etc. 2026
300 ## - PHYSICAL DESCRIPTION
Extent xviii, 228p.:ill.
500 ## - GENERAL NOTE
General note Includes bibliographical references
650 ## - SUBJECT ADDED ENTRY
Topical term or geographic name entry element 1. Environmental degradation - Kenya - Mount Elgon Region. 2. Sustainable development - Kenya - Households. 3. Forests and foerstry - Kenya - Mount Elgon Forest Reserve.
942 ## - ADDED ENTRY ELEMENTS (KOHA)
Source of classification or shelving scheme Library of Congress Classification
Koha item type Reference
Holdings
Withdrawn status Lost status Source of classification or shelving scheme Damaged status Not for loan Collection Home library Current library Date acquired Inventory number Total checkouts Full call number Barcode Date last seen Copy number Price effective from Koha item type
    Library of Congress Classification     Special Research Kisii University Library Kisii University Library 05/12/2026 113298   THE GE 195 .K35 2026 A002044 05/12/2026 C.1 05/12/2026 Reference